000
00250nam a2200097Ia 4500
001
647620
005
20250826153706.0
008
250824s9999 xx 000 0 und d
245
0
_a
GENÇLİĞİM ANTİK
_c
TOLSTOY
260
_b
ANTİK DÜNYA KLASİKLERİ
999
_c
647620
_d
647620